Las Tarifas de los servicios públicos : poder tarifario, poder de tasación y control judicial / Gaspar Ariño Ortiz poder tarifario, poder de tasación y control judicial / Gaspar Ariño Ortiz
ISBN:
84-7405-019-7
Descripción Física:
194 p. ; 21 cm
Colección:
Universidad de Sevilla ; 41
Materias:
Serveis públics -- Tarifes -- Espanya
MARC
| LEADER | 00000nam a2200000Ia 4500 | ||
|---|---|---|---|
| 001 | 18292 | ||
| 008 | 160829s9999 xx 000 0 cat d | ||
| 020 | |a 84-7405-019-7 | ||
| 080 | |a M-5-276 | ||
| 100 | |a Ariño Ortiz, Gaspar |9 23783 | ||
| 245 | |a Las Tarifas de los servicios públicos : |b poder tarifario, poder de tasación y control judicial / Gaspar Ariño Ortiz | ||
| 260 | |a Sevilla : |b Instituto García Oviedo, 1976 | ||
| 300 | |a 194 p. ; |c 21 cm | ||
| 490 | |a Universidad de Sevilla ; 41 | ||
| 650 | |a Serveis públics |x Tarifes |x Espanya |9 22302 | ||
| 901 | |a Arxiu | ||
| 942 | |n 1 | ||
| 952 | |0 0 |1 0 |4 0 |6 M5276 |7 1 |9 42163 |a Arxiu |b Arxiu |d 2016-12-01 |l 0 |o M-5-276 |p 18292 |r 2016-12-01 00:00:00 |w 2016-12-01 |y ARXIU | ||
| 999 | |c 44610 |d 44610 | ||